|
|
|
|
| LEADER |
00000nam0a2200000 4500 |
| 001 |
172352 |
| 005 |
20231101223025.0 |
| 035 |
|
|
|a (RuTPU)RU\TPU\book\186903
|
| 090 |
|
|
|a 172352
|
| 100 |
|
|
|a 20091211d2007 m y0rusy50 ca
|
| 101 |
0 |
|
|a rus
|
| 102 |
|
|
|a RU
|
| 105 |
|
|
|a ac z 000zy
|
| 200 |
1 |
|
|a История развития тяжелой атлетики в Томском политехническом университете
|f А. В. Коземов, Д. А. Коземов
|
| 210 |
|
|
|a Томск
|c Изд-во ТПУ
|d 2007
|
| 215 |
|
|
|a 88 с.
|c ил.
|
| 606 |
1 |
|
|a Атлетика тяжелая
|2 stltpush
|3 (RuTPU)RU\TPU\subj\29617
|9 52905
|
| 610 |
1 |
|
|a спорт
|
| 610 |
1 |
|
|a физическая культура
|
| 610 |
1 |
|
|a тяжелая атлетика
|
| 610 |
1 |
|
|a ТПУ
|
| 610 |
1 |
|
|a спортсмены
|
| 610 |
1 |
|
|a политехники
|
| 610 |
1 |
|
|a штангисты
|
| 610 |
1 |
|
|a соревнования
|
| 610 |
1 |
|
|a труды учёных ТПУ
|
| 675 |
|
|
|a 796.88(09)
|v 3
|
| 700 |
|
1 |
|a Коземов
|b А. В.
|g Альберт Викторович
|
| 701 |
|
1 |
|a Коземов
|b Д. А.
|g Дмитрий Альбертович
|
| 801 |
|
1 |
|a RU
|b 63413507
|c 20091211
|
| 801 |
|
2 |
|a RU
|b 63413507
|c 20150901
|g RCR
|
| 942 |
|
|
|c BK
|